000 00540nam a2200169 i 4500
001 26126
003 ES-MaACL
005 20230906153406.0
007 t|
008 030107s1919 fr ||||1| fre d
100 1 _aArnould, C.
_923119
245 1 3 _aLa basse-cour
_b: guide pour l'elevage practique et economique des poules, lapins, pigeous, canards, vies, dindous, pintades /
_cC. Arnould.
250 _a12e ed.
260 _aParís :
_b[s.n.,
_c1919] (
_eCorbeil :
_fCrété)
300 _a396 p. ;
_c19 cm.
852 _aES-MaACL
_jF-9799
999 _c26126
_d26126